Topological methods for ordinary differential equations : lectures given at the 1st Session on the Centro Internazionale Matematico Estivo (C.I.M.E.) held in Montecatini Terme, Italy, june 24-July 2, 1991

Αποθηκεύτηκε σε:
Λεπτομέρειες βιβλιογραφικής εγγραφής
Συγγραφή απο Οργανισμό/Αρχή: Centro internazionale matematico estivo
Άλλοι συγγραφείς: Fitzpatrick, Patrick, 1946-, Furi, M. (Massimo), Zecca, P. (Pietro)
Μορφή: Βιβλίο
Γλώσσα:English
Δημοσίευση: Berlin ; New York : Springer-Verlag, 1993
Σειρά:Lecture notes in mathematics (Springer-Verlag) ; 1537
Θέματα:
Ετικέτες: Προσθήκη ετικέτας
Δεν υπάρχουν, Καταχωρήστε ετικέτα πρώτοι!

MARC

LEADER 00000cam a2200000 i 4500
001 1/30332
008 960704s1993 eng d
020 |a 3-540-56461-6 
035 |a 1995  |l 10038542 
040 |a GR-MY-UA  |b gre  |e aacr 
041 0 |a eng 
082 0 |a 515.352 
245 0 0 |a Topological methods for ordinary differential equations :   |b lectures given at the 1st Session on the Centro Internazionale Matematico Estivo (C.I.M.E.) held in Montecatini Terme, Italy, june 24-July 2, 1991 /   |c P. Fitzpatrick...[et al.] ; editors, M. Furi, P. Zecca. 
260 |a Berlin ; New York :   |b Springer-Verlag,   |c 1993 
300 |a 218 p.;  |c 25 cm. 
490 1 |a Lecture notes in mathematics (Springer-Verlag)  |v ; 1537 
504 |a Includes bibliographical references and index 
650 0 0 |a Boundary value problems  |x Numerical solutions  |x Congresses. 
650 0 0 |a Fixed point theory  |x Congresses. 
700 1 |a Fitzpatrick, Patrick,   |d 1946- 
700 1 |a Furi, M.   |q (Massimo) 
700 1 |a Zecca, P.   |q (Pietro) 
710 2 |a Centro internazionale matematico estivo. 
830 0 |a Lecture notes in mathematics (Springer-Verlag)  |v ; 1537 
852 |a INST  |b SAMOS  |e 19960704  |h 515.352 TOP  |p 005300005334  |q 005300005334  |t BK  |y 0 
909 |a Σ  |b 039243